| 000 | 01341nam a2200193Ia 4500 | ||
|---|---|---|---|
| 999 |
_c7249 _d7249 |
||
| 020 | _a9780071280433 | ||
| 020 | _a007128043X | ||
| 050 | 0 | 0 |
_aT58.6 _b.O26 |
| 100 | 1 | _aO'Brien, James A., | |
| 245 | 1 | 0 |
_aManagement information systems / _cJames A. O'Brien, George M. Marakas. |
| 250 | _aNinth edition. | ||
| 260 |
_aBoston : _bMcGraw-Hill Irwin, _c©2009. |
||
| 300 |
_axxxii, 659 pages : _bcolor illustrations, color maps ; _c29 cm. |
||
| 500 | _aIncludes index | ||
| 505 | _aModule I Foundation concepts -- Ch. 1 Foundations of information systems in business -- Ch. 2 Competing with information technology -- Module II Information technologies -- Ch. 3 Computer hardware -- Ch. 4 Computer software -- Ch. 5 Data resource management -- Ch. 6 Telecommunications and networks -- Module III Business applications -- Ch. 7 Electronic business systems -- Ch. 8 Enterprise business systems -- Ch. 9 Electronic commerce systems -- Ch. 10 Decision support systems -- Module IV Development processes -- Ch. 11 Developing business-IT strategies -- Ch. 12 Developing business/IT solutions -- Module V Management challenges -- Ch. 13 Security and ethical challenges -- Ch. 14 Enterprise and global management of information technology. | ||
| 650 | 0 | _aManagement information systems. | |
| 700 | 1 | _aMarakas, George M. | |
| 942 | _cBK | ||